Les 15 plus grandes fortunes du monde - 2023 - Statistiques

Statistiques générales
  • Ce quiz a été pris 150 fois
  • Le résultat moyen est 5 sur 15
Statistiques - réponses
Fortune Nationalité Entreprise Nom % Correct
178,2 Md$ États-Unis Tesla, SpaceX Elon Musk
99%
128,7 Md$ États-Unis Amazon Jeff Bezos
86%
237,6 Md$ France LVMH Bernard Arnault
82%
82,9 Md$ États-Unis Facebook Mark Zuckerberg
74%
114,0 Md$ États-Unis Microsoft Bill Gates
69%
90,9 Md$ États-Unis Google Larry Page
15%
112,8 Md$ États-Unis Berkshire Hathaway Warren Buffett
15%
93,2 Md$ France L'Oréal Françoise Bettencourt Meyers
12%
121,0 Md$ États-Unis Oracle Larry Ellison
9%
94,5 Md$ États-Unis Bloomberg LP Michael Bloomberg
9%
84,5 Md$ Espagne Zara Amancio Ortega
8%
87,8 Md$ Inde Reliance Industries (Pétrochimie) Mukesh Ambani
6%
87,1 Md$ États-Unis Google Sergey Brin
6%
95,9 Md$ Mexique Grupo Carso (Telecom) Carlos Slim Helu
4%
96,4 Md$ États-Unis Microsoft Steve Ballmer
2%
Aucun quiz correspondant
Distribution des résultats
% des personnes avec chaque résultat
Percentile par nombre de réponses
Votre historique - résultats
Vous n’avez pas pris ce quiz